Value for money-the economics of land and building : study day for elected members of local authorities, 10th November 1971. Paper 3 : Cost control from inception to completion. (Record no. 98918)

MARC details
000 -LEADER
fixed length control field 00859cam a2200265 4500
001 - CONTROL NUMBER
control field D11196
008 - FIXED-LENGTH DATA ELEMENTS--GENERAL INFORMATION
fixed length control field 090401t1971 xxu||||| |||| 00| 0 eng d
035 ## - SYSTEM CONTROL NUMBER
System control number (Sirsi) u97506
041 ## - LANGUAGE CODE
Language code of text/sound track or separate title eng
050 ## - LIBRARY OF CONGRESS CALL NUMBER
Classification number 338.4369
100 ## - MAIN ENTRY--PERSONAL NAME
Personal name Nott, Clifford Marshall
245 ## - TITLE STATEMENT
Title Value for money-the economics of land and building : study day for elected members of local authorities, 10th November 1971. Paper 3 : Cost control from inception to completion.
260 ## - PUBLICATION, DISTRIBUTION, ETC.
Name of publisher, distributor, etc. RICS, 1971
300 ## - PHYSICAL DESCRIPTION
Extent ii,14p.
Dimensions 30cm.
350 ## - PRICE (NR) (BK AM CF MU VM SE) [OBSOLETE]
Price 0.00
520 ## - SUMMARY, ETC.
Summary, etc. Filed together with Paper 1 : Land - the scarce commodity.
650 ## - SUBJECT ADDED ENTRY--TOPICAL TERM
Topical term or geographic name entry element COST ADVICE
650 ## - SUBJECT ADDED ENTRY--TOPICAL TERM
Topical term or geographic name entry element DEVELOPMENT COSTS
650 ## - SUBJECT ADDED ENTRY--TOPICAL TERM
Topical term or geographic name entry element LOCAL AUTHORITIES
650 ## - SUBJECT ADDED ENTRY--TOPICAL TERM
Topical term or geographic name entry element PROJECT COSTS
690 ## - LOCAL SUBJECT ADDED ENTRY--TOPICAL TERM (OCLC, RLIN)
Topical term or geographic name as entry element BUILT ENVIRONMENT-BUILDING COSTS
710 ## - ADDED ENTRY--CORPORATE NAME
Corporate name or jurisdiction name as entry element Public Officers Committee
9 (RLIN) 1463
942 ## - ADDED ENTRY ELEMENTS (KOHA)
Suppress in OPAC 0
948 ## - LOCAL PROCESSING INFORMATION (OCLC); SERIES PART DESIGNATOR (RLIN)
c (OCLC) 04/03/1997
Holdings
Withdrawn status Lost status Source of classification or shelving scheme Damaged status Not for loan Home library Current library Shelving location Date acquired Total Checkouts Full call number Barcode Date last seen Copy number Price effective from Koha item type Date last checked out
    Other/Generic Classification Scheme     London London RICS Boxes 07/06/2001   RICS 1971/45 30010754 06/08/2019 1 06/08/2019 Reference material  
    Other/Generic Classification Scheme     London London RICS Boxes 20/09/2001 1 RICS 1971/45 30064903 06/08/2019 2 06/08/2019 Book 20/09/2001